Cómo gané la guerra /

Bibliographic Details
Main Author: Amparán, Francisco José, 1957-
Format: Book
Language:Spanish
Published: Playas de Tijuana, B.C. : Ediciones Yoremito, 1999.
Edition:1. ed.
Series:Yoremito narrativa.

MARC

Tag First Indicator Second Indicator Subfields
LEADER 00000cam a2200000 a 4500
001 in00001680721
005 20151024122920.0
008 000721s1999 mx 000 0 spa
010 |a  00344868  
020 |z 9709003078 
035 |a (OCoLC)ocm44885450 
040 |a DLC  |c DLC  |d TXA  |d UtOrBLW 
049 |a TXAM 
090 |a PQ7298.1.M65  |b C6 1999 
100 1 |a Amparán, Francisco José,  |d 1957- 
245 1 0 |a Cómo gané la guerra /  |c Francisco José Amparán. 
250 |a 1. ed. 
264 1 |a Playas de Tijuana, B.C. :  |b Ediciones Yoremito,  |c 1999. 
300 |a 85 pages ;  |c 21 cm. 
336 |a text  |b txt  |2 rdacontent 
337 |a unmediated  |b n  |2 rdamedia 
338 |a volume  |b nc  |2 rdacarrier 
490 1 |a Yoremito narrativa 
500 |a "Premio Paso del Norte 1998, convocado por el Centro Cultural Tijuana, el Instituto Coahuilense de Cultura y Ediciones Yoremito"-Verso of title page. 
830 0 |a Yoremito narrativa. 
948 |a cataloged  |b h  |c 2006/12/22  |d c  |e dmitchel  |f 10:20:30 am 
994 |a E0  |b TXA 
999 |a MARS 
999 f f |s 43822343-c14b-3526-ad85-4419d7242735  |i 390632c9-0de3-3f9d-8648-90b2410cabc5  |t 0 
952 f f |p ric  |a Texas A&M University  |b Rellis Campus  |c Joint Library Facility  |d Remote Storage  |t 0  |e PQ7298.1.M65 C6 1999  |h Library of Congress classification  |i unmediated -- volume  |m A14834987906 
998 f f |a PQ7298.1.M65 C6 1999  |t 0  |l Remote Storage